General Genius Quiz #2 - Statistics

General Stats
  • This quiz has been taken 11 times
  • The average score is 2 of 11
Answer Stats
Category Question Answer % Correct
Science Which planet is closest to the sun? Mercury.
78%
Music Who won the first season of American Idol? Kelly Clarkson.
56%
TV show What is the Munsters’s address? 1313 Mockingbird Lane.
33%
Movie How many different characters does Tom Hanks play in the 2004 Christmas movie The Polar Express? Five.
33%
Pop culture Which comic book character did Michael Jackson want to play so much that he considered buying Marvel Comics in the 1990s? Spider-Man.
22%
Geography What’s the oldest continuously inhabited city in the world? Jericho.
11%
Disney What are the names of Cinderella’s stepsisters? Anastasia and Drizella.
0%
American history Which U.S. president fathered a child at age 70? John Tyler, the 10th president.
0%
Animal How many words can dogs understand? More than 150.
0%
Holiday How many days of Kwanzaa are there? Seven.
0%
History How many people stood in the line of succession between King George IV and Queen Victoria? Six.
0%
No matching quizzes found
Score Distribution
Percent of People with Each Score
Percentile by Number Answered
Your Score History
You have not taken this quiz